00903nam a2200253 4500003000400000005001700004008004100021040002400062041000800086050001900094245002200113264002200135300001700157336002200174337002400196338002400220520015000244650002900394650004700423650004100470650004800511650004100559650004900600OSt20260601193859.0260505b2019 mx |||| |||| 00| 0 spa d aICI bspacICIerda aspa aF1234bP532019 aEl Plan de Ayala. aMéxico : c2019 a41 páginas 2rdacontentatexto 2rdamediaasin medio 2rdacarrieravolumen aAnálisis del Plan de Ayala como documento clave de la Revolución Mexicana, centrado en la reforma agraria y las demandas sociales campesinas. aPlan de AyalaxHistoria. aRevolución Mexicana, 1910-1917xFuentes. aReforma agrariaxHistoria.zMéxico aCampesinosxMovimientos sociales.zMéxico aJusticia socialxHistoria zMéxico aMéxico xHistoriayRevolución, 1910-1917